Tre persone per un nome #1 - Statistics

Statistiche generali
  • Questo quiz è stato fatto 207 volte
  • Il punteggio medio è 15 su 16
Statistiche sulle risposte
Indizio Soluzione % Corretto
Dicaprio, da Vinci, Bonucci Leonardo
99%
Dern, Pausini, Freddi Laura
98%
Petrarca, Totti, De Gregori Francesco
97%
Callas, De Filippi, Sharapova Maria
97%
Draghi, Balotelli, Monicelli Mario
97%
Feltri, Sgarbi, Gassman Vittorio
97%
Baricco, Manzoni, Del Piero Alessandro
96%
García Lorca, Fellini, Chiesa Federico
96%
Faletti, Armani, Moroder Giorgio
96%
Barale, Egonu, Cortellesi Paola
96%
De Martino, Pioli, Accorsi Stefano
96%
Conte, Albanese, Di Pietro Antonio
92%
Bellucci, Vitti, Guerritore Monica
86%
Lansbury, Merkel, Bassett Angela
84%
Montesano, Caruso, Fermi Enrico
84%
Milo, Bullock, Oh Sandra
83%
Nessun quiz corrispondente trovato
Distribuzione punteggi
Percentuale di utenti per punteggio
Percentile per numero di risposta
I tuoi punteggi nel tempo
Non hai fatto questo quiz